Welcome to WEB OPAC of MRSPTU Central Library

CAD/CAM theory and circuits (Record no. 5902)

MARC details
000 -LEADER
fixed length control field 00471nam a2200181Ia 4500
008 - FIXED-LENGTH DATA ELEMENTS--GENERAL INFORMATION
fixed length control field 230711s9999||||xx |||||||||||||| ||und||
020 ## - INTERNATIONAL STANDARD BOOK NUMBER
International Standard Book Number 978-81-219-2874-8
041 ## - LANGUAGE CODE
Language code of text/sound track or separate title ENG
082 ## - DEWEY DECIMAL CLASSIFICATION NUMBER
Classification number 670.285
Item number SA-C
100 ## - MAIN ENTRY--PERSONAL NAME
Personal name Sareen,kuldeep kumar
245 #0 - TITLE STATEMENT
Title CAD/CAM theory and circuits
250 ## - EDITION STATEMENT
Edition statement 1st Ed.
260 ## - PUBLICATION, DISTRIBUTION, ETC.
Date of publication, distribution, etc. 2013
Place of publication, distribution, etc. New Delhi
Name of publisher, distributor, etc. S.Chand & Company Ltd
300 ## - PHYSICAL DESCRIPTION
Extent 453p.
650 ## - SUBJECT ADDED ENTRY--TOPICAL TERM
Topical term or geographic name entry element Mechanical Engineering
700 ## - ADDED ENTRY--PERSONAL NAME
Personal name Grewal,Chandandeep Signh
942 ## - ADDED ENTRY ELEMENTS (KOHA)
Koha item type Book
Holdings
Withdrawn status Lost status Damaged status Not for loan Collection Home library Current library Date acquired Cost, normal purchase price Inventory number Total checkouts Full call number Barcode Date last seen Price effective from Koha item type
          MRSPTU Central Library MRSPTU Central Library   450.00 742483   670.285 SA-C 31813 08/17/2023 08/17/2023 Book
          MRSPTU Central Library MRSPTU Central Library   450.00 742483   670.285 SA-C 31814 08/17/2023 08/17/2023 Book
          MRSPTU Central Library MRSPTU Central Library   450.00 742483   670.285 SA-C 31815 08/17/2023 08/17/2023 Book
          MRSPTU Central Library MRSPTU Central Library   450.00 742483   670.285 SA-C 31816 08/17/2023 08/17/2023 Book
          MRSPTU Central Library MRSPTU Central Library   450.00 742483   670.285 SA-C 31817 08/17/2023 08/17/2023 Book
          MRSPTU Central Library MRSPTU Central Library   450.00 742483   670.285 SA-C 31818 08/17/2023 08/17/2023 Book
          MRSPTU Central Library MRSPTU Central Library   450.00 742483   670.285 SA-C 31819 08/17/2023 08/17/2023 Book
          MRSPTU Central Library MRSPTU Central Library   450.00 742483   670.285 SA-C 31820 08/17/2023 08/17/2023 Book
          MRSPTU Central Library MRSPTU Central Library   450.00 742483   670.285 SA-C 31821 08/17/2023 08/17/2023 Book
          MRSPTU Central Library MRSPTU Central Library   450.00 742483   670.285 SA-C 31822 08/17/2023 08/17/2023 Book

Website Designed and Developed by MRSPTU Central Library Team

E-mail Id: librarian@mrsptu.ac.in